000 00466nam a2200181Ia 4500
008 100917s9999 xx 000 0 und d
082 _b4222
100 _aकेळकर न. चि.
245 _aअमात्य माधव
260 _b---
_c1915
300 _a114
365 _b0.75
520 _aनाटक
630 _aअमात्य माधव
650 _aनाटक
730 _aअमात्य माधव
942 _cBOOK
999 _c609616
_d609613